Proyecto nacional, desarrollo cultural y políticas culturales /
Salvato in:
| Autore principale: | |
|---|---|
| Natura: | testo |
| Tags: |
Aggiungi Tag
Nessun Tag, puoi essere il primo ad aggiungerne!!
|
MARC
| LEADER | 00000 a a2200000 04500 | ||
|---|---|---|---|
| 001 | 46218 | ||
| 003 | |||
| 040 | |||
| 100 | |a Tinoco, Antonio | ||
| 245 | |a Proyecto nacional, desarrollo cultural y políticas culturales / |c Antonio Tinoco | ||
| 773 | |g número54 (1995), páginas 59-64 | ||
| 999 | |c 39100 |d 39100 | ||
